Pavimento rígido del tramo de 12kms. Nueva Guinea-Colonia la Esperanza, RAAS
El estudio consiste un Pavimento rígido del tramo de 12kms. Nueva Guinea-Colonia la Esperanza, RAAS, en el cual consta de un estudio de suelos, estudio del tránsito, diseño de la estructura de pavimento y estudio hidrotécnico. En el diseño del caudal hidrológico de obras menores alcantarillado...
| Main Authors: | , , |
|---|---|
| Other Authors: | |
| Format: | Tesis Section = Libro |
| Language: | Undetermined Spanish |
| Published: |
Managua
UNI
2013
|
| Subjects: |
| LEADER | 01230nam a2200289Ia 4500 | ||
|---|---|---|---|
| 008 | 240830s9999 xx 000 0 und d | ||
| 040 | |a BIBLIOTECA-RUPAP T.Mon 625.8 G643 | ||
| 041 | |a spa | ||
| 082 | |a T.Mon 625.8 G643 | ||
| 100 | 1 | |a González Guzmán, Luis Carlos | |
| 100 | 1 | |b Laguna Cruz, Beverly España | |
| 100 | 1 | |c Martínez Moreno, Guillermo Alberto | |
| 245 | 1 | 0 | |a Pavimento rígido del tramo de 12kms. Nueva Guinea-Colonia la Esperanza, RAAS |
| 260 | |a Managua |b UNI |c 2013 | ||
| 300 | |a 44 p. :il. | ||
| 500 | |a Contiene: anexos. | ||
| 502 | |a Tesis (Ingeniero Civil)- UNI, 2013. | ||
| 520 | 3 | |a El estudio consiste un Pavimento rígido del tramo de 12kms. Nueva Guinea-Colonia la Esperanza, RAAS, en el cual consta de un estudio de suelos, estudio del tránsito, diseño de la estructura de pavimento y estudio hidrotécnico. En el diseño del caudal hidrológico de obras menores alcantarillado se utilizó el método racional. | |
| 650 | 7 | |a PAVIMENTOS | |
| 650 | 7 | |b PAVIMENTOS RIGIDOS | |
| 650 | 7 | |c PAVIMENTOS-DISEÑO Y CONSTRUCCION | |
| 650 | 7 | |e ESTUDIO DE TRANSITO | |
| 650 | 7 | |h ESTUDIO DE SUELOS | |
| 700 | 1 | |a Tutor: |b Morales Urbina, Israel | |
| 942 | |c BK |2 ddc | ||
| 991 | |a TESIS | ||
| 999 | |c 18216 | ||